书目信息 |
| 题名: |
家园携手 共育蓓蕾
|
|
| 作者: | 雷雪梅 , 孙芳龄 主编 | |
| 分册: | ||
| 出版信息: | 北京 中国石化出版社 2020.9 |
|
| 页数: | 286页 | |
| 开本: | 24cm | |
| 丛书名: | ||
| 单 册: | ||
| 中图分类: | G616 | |
| 科图分类: | ||
| 主题词: | 幼儿园--家长工作(教育) | |
| 电子资源: | ||
| ISBN: | 978-7-5114-5894-0 | |
| 000 | 00977nam0 2200241 45 | |
| 001 | 012001001771 | |
| 005 | 20140821132303.0 | |
| 010 | @a978-7-5114-5894-0@dCNY66.00 | |
| 100 | @a20201126d2020 em y0chiy0110 ea | |
| 101 | 0 | @achi |
| 102 | @aCN@b110000 | |
| 105 | @aa z 000yy | |
| 106 | @ar | |
| 200 | 1 | @a家园携手 共育蓓蕾@Ajia yuan xie shou gong yu bei lei@f孙芳龄, 雷雪梅主编 |
| 210 | @a北京@c中国石化出版社@d2020.9 | |
| 215 | @a286页@c图@d24cm | |
| 330 | @a本书以真实有效的活动案例、方案向广大幼儿教育工作者及家长呈现家园共育的经验和做法,主要内容包括家—园—社区联动、家长观摩、家长学校、家长督学、家长助教、节日课程、生活课程、田园课程等,重点对家园共育工作的现状进行了研究,构建了一个关于如何正确养育孩子的交流平台,家园社区联合,共促幼儿发展新模式。 | |
| 606 | 0 | @a幼儿园@x家长工作(教育) |
| 690 | @aG616@v5 | |
| 701 | 0 | @a雷雪梅@Alei xue mei@4主编 |
| 701 | 0 | @a孙芳龄@Asun fang ling@4主编 |
| 801 | @aCN@bAHXH@c20210922 | |
| 905 | @b1252667-71@dG616@e1992@f5 | |
| 家园携手 共育蓓蕾/孙芳龄, 雷雪梅主编.-北京:中国石化出版社,2020.9 |
| 286页:图;24cm |
| ISBN 978-7-5114-5894-0:CNY66.00 |
| 本书以真实有效的活动案例、方案向广大幼儿教育工作者及家长呈现家园共育的经验和做法,主要内容包括家—园—社区联动、家长观摩、家长学校、家长督学、家长助教、节日课程、生活课程、田园课程等,重点对家园共育工作的现状进行了研究,构建了一个关于如何正确养育孩子的交流平台,家园社区联合,共促幼儿发展新模式。 |
| ● |
| 相关链接 |
|
|
|
|
正题名:家园携手 共育蓓蕾
索取号:G616/1992
 
预约/预借
| 序号 | 登录号 | 条形码 | 馆藏地/架位号 | 状态 | 备注 |
| 1 | 1252667 | 212526676 | 第一样本阅览室/ [索取号:G616/1992] | 在馆 | |
| 2 | 1252668 | 212526685 | 教育系资料室/ [索取号:G616/1992] | 在馆 | |
| 3 | 1252669 | 212526694 | 教育系资料室/ [索取号:G616/1992] | 在馆 | |
| 4 | 1252670 | 212526701 | 第四借阅区/ [索取号:G616/1992] | 在馆 | |
| 5 | 1252671 | 212526710 | 第四借阅区/ [索取号:G616/1992] | 在馆 |